[Event "Oberliga NRW 1314"]
[Site "Germany"]
[Date "2013.12.08"]
[Round "4.7"]
[White "Gupta, Milon"]
[Black "Korth, Daniel"]
[Result "0-1"]
[WhiteElo "2236"]
[BlackElo "2121"]
[PlyCount "158"]
[EventDate "2013.09.15"]
[EventType "team-tourn"]
[EventRounds "9"]
[EventCountry "GER"]
[SourceTitle "EXT 2015"]
[Source "ChessBase"]
[SourceDate "2014.11.20"]
[SourceVersion "1"]
[SourceVersionDate "2014.11.20"]
[SourceQuality "1"]
[WhiteTeam "Solingen II"]
[BlackTeam "Muenster"]
[WhiteTeamCountry "GER"]
[BlackTeamCountry "GER"]

1. d4 d5 2. Nf3 c6 3. c4 Nf6 4. Nc3 dxc4 5. a4 Bf5 6. Ne5 e6 7. f3 c5 8. dxc5 Qxd1+ 9. Nxd1 Nfd7 10. Nxc4 Bxc5 11. e4 Bg6 12. h4 f6 13. Be3 Nc6 14. Rc1 Bb4+ 15. Kf2 Ke7 16. Nc3 Rac8 17. Na2 Bc5 18. Be2 Rhd8 19. Rhd1 Bxe3+ 20. Kxe3 Nc5 21. Rxd8 Rxd8 22. Na5 Nxa5 23. Rxc5 b6 24. Rc7+ Rd7 25. Rc3 Kd8 26. b4 Nb7 27. Bc4 Bf7 28. Rd3 Rxd3+ 29. Kxd3 Ke7 30. Ba6 Nd6 31. Nc3 e5 32. g3 Bb3 33. f4 g6 34. a5 Ke6 35. Bb5 f5 36. exf5+ gxf5 37. fxe5 Kxe5 38. Ke3 bxa5 39. bxa5 Bc4 40. Bc6 Ba6 41. Bd5 h6 42. Ba2 Nb7 43. Nd5 Nxa5 44. Nb4 Bb5 45. Bd5 a6 46. Ba2 Nc4+ 47. Kf3 Nd2+ 48. Ke3 Ne4 49. Kf3 a5 50. Nd5 Bc6 51. Ne7 Bb7 52. Ke3 Nc3 53. Bc4 Nd5+ 54. Bxd5 Bxd5 55. Ng6+ Kd6 56. Nf4 Bf7 57. Kd4 a4 58. Nd3 a3 59. Nb4 Bb3 60. Kc3 a2 61. Kb2 Ke5 62. Nd3+ Kd4 63. Nb4 Ke4 64. Nc6 Be6 65. Ka1 Ke3 66. Kb2 Kf2 67. Nd4 Bd7 68. Kxa2 Kxg3 69. Kb2 Kxh4 70. Kc2 Kg3 71. Ne2+ Kf2 72. Nf4 Kf3 73. Nd3 Kg3 74. Ne5 Be8 75. Kd2 h5 76. Ke1 Bb5 77. Nf7 f4 78. Nd6 Bd3 79. Kd2 Bg6 0-1

[Event "NRW-ch"]
[Site "Herne"]
[Date "2012.10.09"]
[Round "4"]
[White "Korth, Daniel"]
[Black "Kusnetsov, Mark"]
[Result "0-1"]
[WhiteElo "2212"]
[BlackElo "2253"]
[PlyCount "70"]
[EventDate "2012.10.06"]
[EventType "swiss"]
[EventRounds "7"]
[EventCountry "GER"]
[SourceTitle "EXT 2016"]
[Source "ChessBase"]
[SourceDate "2015.10.08"]
[SourceVersion "1"]
[SourceVersionDate "2015.10.08"]
[SourceQuality "1"]

1. d4 d5 2. c4 dxc4 3. Nf3 Nf6 4. e3 a6 5. Bxc4 b5 6. Bd3 Bb7 7. 0-0 e6 8. Qe2 Nbd7 9. a4 b4 10. Nbd2 c5 11. Nc4 a5 12. Rd1 Be7 13. Nce5 Qc7 14. Bb5 0-0 15. Nxd7 Nxd7 16. e4 cxd4 17. Nxd4 Nc5 18. f3 Rfd8 19. Be3 Rac8 20. Rac1 Qe5 21. Bf2 h6 22. b3 Qh5 23. Bc4 Bg5 24. Be3 Bxe3+ 25. Qxe3 Rd7 26. Nb5 Rxd1+ 27. Rxd1 Bxe4 28. g4 Qh3 29. Nd6 Bxf3 30. Rd2 Qxg4+ 31. Kf1 Rc7 32. Rf2 Bg2+ 33. Ke1 Bd5 34. Rf4 Qg6 35. Bxd5 Nd3+ 0-1

[Event "NRW-ch"]
[Site "Herne"]
[Date "2012.10.07"]
[Round "2"]
[White "Korth, Daniel"]
[Black "Braun, Christian1111"]
[Result "1-0"]
[WhiteElo "2212"]
[BlackElo "2401"]
[PlyCount "95"]
[EventDate "2012.10.06"]
[EventType "swiss"]
[EventRounds "7"]
[EventCountry "GER"]
[SourceTitle "EXT 2016"]
[Source "ChessBase"]
[SourceDate "2015.10.08"]
[SourceVersion "1"]
[SourceVersionDate "2015.10.08"]
[SourceQuality "1"]

1. d4 Nf6 2. c4 g6 3. Nc3 Bg7 4. e4 d6 5. Nf3 0-0 6. Be2 e5 7. dxe5 dxe5 8. Qxd8 Rxd8 9. Bg5 Nbd7 10. 0-0-0 Rf8 11. Ne1 c6 12. Be3 Re8 13. f3 Nf8 14. Nc2 Ne6 15. Rhe1 a5 16. b3 Bf8 17. a3 Bc5 18. Bxc5 Nxc5 19. Kb2 Be6 20. b4 axb4 21. axb4 Na4+ 22. Nxa4 Rxa4 23. Ra1 Rea8 24. Rxa4 Rxa4 25. c5 Ra2+ 26. Kc3 h5 27. Ra1 Rxa1 28. Nxa1 h4 29. b5 h3 30. gxh3 Bxh3 31. Nb3 cxb5 32. Kb4 g5 33. Ka5 Be6 34. Nd2 g4 35. fxg4 Nxg4 36. Kb6 b4 37. Kxb7 Nf2 38. c6 b3 39. Bc4 Nxe4 40. Bxe6 Nc5+ 41. Kb6 Nxe6 42. Nxb3 Kf8 43. Nc5 Nf4 44. Kb7 Nd5 45. Nd7+ Ke7 46. Nxe5 Ke6 47. Nd3 Kd6 48. h4 1-0

[Event "Muensterland-ch"]
[Site "Telgte"]
[Date "2012.04.06"]
[Round "5.4"]
[White "Korth, Daniel"]
[Black "Junker, Axel"]
[Result "1-0"]
[WhiteElo "2207"]
[BlackElo "1840"]
[PlyCount "75"]
[EventDate "2012.04.02"]
[EventType "tourn"]
[EventRounds "7"]
[EventCountry "GER"]
[SourceTitle "EXT 2016"]
[Source "ChessBase"]
[SourceDate "2015.10.08"]
[SourceVersion "1"]
[SourceVersionDate "2015.10.08"]
[SourceQuality "1"]

1. d4 Nf6 2. Nf3 g6 3. Bg5 Bg7 4. Nbd2 d5 5. e3 c5 6. c3 Qb6 7. Qb3 Nbd7 8. Be2 0-0 9. 0-0 Re8 10. h3 h6 11. Bf4 e6 12. Bh2 Kh7 13. Rfe1 Qxb3 14. axb3 Ne4 15. Nxe4 dxe4 16. Nd2 f5 17. Bb5 a6 18. Bxd7 Bxd7 19. dxc5 Bb5 20. Bd6 Rad8 21. Nc4 Bxc4 22. bxc4 Rd7 23. Ra3 Bf8 24. Bxf8 Rxf8 25. c6 Rd2 26. b4 bxc6 27. Rxa6 Rc8 28. Ra7+ Kg8 29. Rea1 Rc2 30. R1a3 Rd8 31. Rc7 g5 32. g3 g4 33. hxg4 fxg4 34. Raa7 h5 35. b5 Rb2 36. bxc6 Rc2 37. Rd7 Rd2 38. Rxd2 1-0

[Event "Muensterland-ch"]
[Site "Telgte"]
[Date "2012.04.05"]
[Round "4.1"]
[White "Ringwelski, Marius"]
[Black "Korth, Daniel"]
[Result "1/2-1/2"]
[WhiteElo "2112"]
[BlackElo "2207"]
[PlyCount "122"]
[EventDate "2012.04.02"]
[EventType "tourn"]
[EventRounds "7"]
[EventCountry "GER"]
[SourceTitle "EXT 2016"]
[Source "ChessBase"]
[SourceDate "2015.10.08"]
[SourceVersion "1"]
[SourceVersionDate "2015.10.08"]
[SourceQuality "1"]

1. d4 d5 2. c4 c6 3. Nc3 dxc4 4. e3 b5 5. a4 b4 6. Ne4 Qd5 7. Ng3 Nf6 8. Be2 e6 9. e4 Qa5 10. Bxc4 Ba6 11. b3 Be7 12. Nf3 0-0 13. 0-0 Nbd7 14. Bg5 Rfe8 15. e5 Nd5 16. Bxa6 Qxa6 17. Bxe7 Nc3 18. Qc2 Rxe7 19. Ng5 f5 20. exf6 Nxf6 21. Rfe1 Rae8 22. Nh5 Qb6 23. Rxe6 Qxd4 24. Nxf6+ gxf6 25. Qxh7+ Rxh7 26. Rxe8+ Kg7 27. Ne6+ Kf7 28. Nxd4 Kxe8 29. Nxc6 Rc7 30. Nxb4 Rb7 31. Na2 Nxa2 32. Rxa2 Rxb3 33. g3 a5 34. Kg2 Kf7 35. h4 Kg6 36. Kh3 Rb4 37. Ra3 Rc4 38. g4 Rb4 39. Kg3 Rc4 40. f4 f5 41. gxf5+ Kxf5 42. Rd3 Rxa4 43. Rd5+ Ke6 44. Re5+ Kf6 45. Kg4 Ra1 46. Rf5+ Kg7 47. Rb5 a4 48. Kf5 a3 49. Rb7+ Kh6 50. Ra7 Ra2 51. Kf6 Rf2 52. f5 a2 53. Ke6 Kh5 54. Ra4 Kh6 55. f6 Kg6 56. Rg4+ Kh6 57. Rg1 Re2+ 58. Kf7 Rb2 59. Ra1 Rb7+ 60. Ke8 Rb8+ 61. Kd7 Kg6 1/2-1/2

[Event "Paderborn op 08th"]
[Site "Paderborn"]
[Date "2011.12.29"]
[Round "5"]
[White "Korth, Daniel"]
[Black "Skembris, Spyridon"]
[Result "0-1"]
[WhiteElo "2211"]
[BlackElo "2463"]
[PlyCount "164"]
[EventDate "2011.12.27"]
[EventType "swiss"]
[EventRounds "7"]
[EventCountry "GER"]
[SourceTitle "CBM 146 Extra"]
[Source "ChessBase"]
[SourceDate "2012.02.29"]
[SourceVersion "1"]
[SourceVersionDate "2012.02.29"]
[SourceQuality "1"]

1. d4 Nf6 2. Nf3 c5 3. c3 e6 4. Bg5 h6 5. Bh4 cxd4 6. cxd4 Nc6 7. Bxf6 gxf6 8. e3 Rg8 9. Nc3 d5 10. g3 f5 11. Rc1 Bd7 12. Bd3 Rc8 13. Nd2 Bd6 14. a3 Na5 15. Qe2 Kf8 16. b4 Nc6 17. Qh5 Qg5 18. Be2 Ke7 19. Ndb1 a5 20. b5 Na7 21. Qxg5+ hxg5 22. Kd2 Rh8 23. h4 Kf6 24. f4 g4 25. Rc2 b6 26. Rb2 Rb8 27. Na4 Rhc8 28. Rb3 Rc7 29. Nbc3 Nc8 30. Bd3 Bf8 31. Rc1 Ra7 32. Nb2 Nd6 33. a4 Rc8 34. Na2 Rac7 35. Rbc3 Rxc3 36. Rxc3 Ne8 37. Rxc8 Bxc8 38. Nc1 Bb4+ 39. Kd1 Bc3 40. Kc2 Be1 41. Ne2 Ng7 42. Kd1 Bf2 43. Kd2 Nh5 44. Nd1 Bxg3 45. Nxg3 Nxg3 46. Ke1 Ke7 47. Kf2 Nh5 48. Nc3 Nf6 49. Ne2 Bb7 50. Ke1 Kf8 51. Ng3 Bc8 52. Ke2 Kg7 53. Ke1 Kg6 54. Ke2 Bb7 55. Ke1 Ne8 56. Ke2 Nd6 57. Kd2 Nc8 58. Ke2 Kh6 59. Ke1 Ne7 60. Kf2 Bc8 61. Ke1 Ng6 62. h5 Ne7 63. Kf2 Bd7 64. Ke1 f6 65. Ke2 Be8 66. Ke1 Bxh5 67. Ke2 Be8 68. Ke1 Bd7 69. Kd2 Kg6 70. Ke1 Nc8 71. Kd2 Nd6 72. Kc3 Bc8 73. Kd2 Nf7 74. Bc2 e5 75. Kc3 Be6 76. dxe5 fxe5 77. fxe5 Nxe5 78. Bxf5+ Bxf5 79. Kd4 Nc4 80. Kxd5 Nxe3+ 81. Kc6 Nc4 82. Kd5 Nb2 0-1

[Event "Oberliga NRW 1112"]
[Site "Germany"]
[Date "2011.11.13"]
[Round "3.7"]
[White "Krieg, Nikolaj"]
[Black "Korth, Daniel"]
[Result "1/2-1/2"]
[WhiteElo "2321"]
[BlackElo "2123"]
[PlyCount "87"]
[EventDate "2011.09.18"]
[EventType "team-tourn"]
[EventRounds "9"]
[EventCountry "GER"]
[SourceTitle "EXT 2015"]
[Source "ChessBase"]
[SourceDate "2014.11.20"]
[SourceVersion "1"]
[SourceVersionDate "2014.11.20"]
[SourceQuality "1"]
[WhiteTeam "Solingen II"]
[BlackTeam "Muenster SK"]
[WhiteTeamCountry "GER"]
[BlackTeamCountry "GER"]

1. d4 d5 2. Nf3 c6 3. c4 Nf6 4. Nc3 dxc4 5. a4 Bf5 6. Ne5 e6 7. g3 Bb4 8. Bg2 0-0 9. 0-0 a5 10. Re1 Re8 11. h3 h6 12. Nxc4 Nbd7 13. Bf4 Nd5 14. Bd2 N5b6 15. Ne3 Bh7 16. Nc2 Bxc2 17. Qxc2 e5 18. dxe5 Nxe5 19. Rad1 Qe7 20. Ne4 Rad8 21. Nc3 Nec4 22. Bc1 Rxd1 23. Qxd1 Rd8 24. Qb3 Nd2 25. Qc2 Ndc4 26. Rf1 Re8 27. e3 Rd8 28. Ne2 Nd6 29. Nd4 Re8 30. Rd1 Ne4 31. b3 Nd5 32. Qc4 Qc5 33. Qd3 Ndf6 34. Bb2 Qh5 35. Nf3 Qd5 36. Nd4 Qh5 37. Ne2 Qc5 38. Bd4 Qe7 39. Nc3 Nxc3 40. Bxc3 Bxc3 41. Qxc3 Qe5 42. Rd4 Qf5 43. Qb2 Qc5 44. Rc4 1/2-1/2

[Event "Muensterland op 29th"]
[Site "Senden"]
[Date "2011.10.27"]
[Round "8"]
[White "Korth, Daniel"]
[Black "Niering, Thorsten"]
[Result "1-0"]
[WhiteElo "2211"]
[BlackElo "2054"]
[PlyCount "53"]
[EventDate "2011.10.21"]
[EventType "swiss"]
[EventRounds "9"]
[EventCountry "GER"]
[SourceTitle "EXT 2012"]
[Source "ChessBase"]
[SourceDate "2011.11.24"]
[SourceVersion "1"]
[SourceVersionDate "2011.11.24"]
[SourceQuality "1"]

1. d4 g6 2. Nf3 Bg7 3. e4 d6 4. Bc4 e6 5. 0-0 Ne7 6. Be3 h6 7. Bb3 0-0 8. Qc1 Kh7 9. c4 Nd7 10. c5 Nf6 11. Nc3 Ng4 12. h3 Nxe3 13. Qxe3 f5 14. exf5 Nxf5 15. Qe4 Qe7 16. cxd6 cxd6 17. Rfe1 Re8 18. Ne2 d5 19. Qd3 Qb4 20. g4 Ne7 21. Nf4 Bd7 22. Nxe6 Bb5 23. Qd2 Qd6 24. Nxg7 Kxg7 25. Ne5 Qf6 26. Rac1 Bc6 27. Rc3 1-0

[Event "Oberliga NRW 1112"]
[Site "Germany"]
[Date "2011.10.09"]
[Round "2.7"]
[White "Korth, Daniel"]
[Black "Pauly, Carlo"]
[Result "1-0"]
[WhiteElo "2123"]
[BlackElo "2051"]
[PlyCount "71"]
[EventDate "2011.09.18"]
[EventType "team-tourn"]
[EventRounds "9"]
[EventCountry "GER"]
[SourceTitle "EXT 2015"]
[Source "ChessBase"]
[SourceDate "2014.11.20"]
[SourceVersion "1"]
[SourceVersionDate "2014.11.20"]
[SourceQuality "1"]
[WhiteTeam "Muenster SK"]
[BlackTeam "Koeln Porz II"]
[WhiteTeamCountry "GER"]
[BlackTeamCountry "GER"]

1. d4 Nf6 2. Nf3 c5 3. c3 b6 4. Bg5 g6 5. Nbd2 Bb7 6. Qb3 Qc7 7. e3 Bg7 8. Be2 h6 9. Bh4 d6 10. 0-0 0-0 11. Rac1 e5 12. dxe5 dxe5 13. Bxf6 Bxf6 14. e4 Nd7 15. Bc4 Rad8 16. Rfe1 Bg7 17. Bd5 Nb8 18. Bxb7 Qxb7 19. Nc4 Rfe8 20. Rcd1 Rxd1 21. Qxd1 Qa6 22. Nd6 Rd8 23. Qd5 Rd7 24. Nxe5 Bxe5 25. Qxe5 Qd3 26. Qe8+ Kg7 27. e5 Qd2 28. Rf1 Rxd6 29. exd6 Qxd6 30. Re1 Nd7 31. h3 Nf6 32. Qe5 Qd2 33. Re2 Qd1+ 34. Kh2 Qa4 35. Re3 Qc6 36. Rd3 1-0

[Event "Oberliga NRW 1011"]
[Site "Germany"]
[Date "2011.01.09"]
[Round "5.4"]
[White "Kartsev, Soel"]
[Black "Korth, Daniel"]
[Result "1/2-1/2"]
[WhiteElo "2202"]
[BlackElo "2201"]
[PlyCount "103"]
[EventDate "2010.09.26"]
[EventType "team-tourn"]
[EventRounds "9"]
[EventCountry "GER"]
[SourceTitle "EXT 2012"]
[Source "ChessBase"]
[SourceDate "2011.11.24"]
[SourceVersion "1"]
[SourceVersionDate "2011.11.24"]
[SourceQuality "1"]
[WhiteTeam "Castrop Rauxel"]
[BlackTeam "Muenster"]
[WhiteTeamCountry "GER"]
[BlackTeamCountry "GER"]

1. e4 e5 2. Nf3 Nc6 3. Bb5 a6 4. Bxc6 dxc6 5. Nc3 Qd6 6. d4 exd4 7. Qxd4 Qxd4 8. Nxd4 Bd7 9. 0-0 0-0-0 10. Be3 Re8 11. a3 Nf6 12. f3 h5 13. h4 Rg8 14. Rad1 Nh7 15. Kf2 Be7 16. g3 g6 17. Rfe1 Nf8 18. b4 Ne6 19. Na4 b6 20. Nb2 Nxd4 21. Bxd4 Be6 22. c4 f6 23. c5 g5 24. hxg5 Rxg5 25. cxb6 Reg8 26. Rg1 cxb6 27. Bxb6 Rb5 28. Be3 a5 29. Rc1 axb4 30. a4 Rb7 31. Rxc6+ Kd7 32. Ra6 Bb3 33. Rc1 Rc8 34. Rxc8 Kxc8 35. Rc6+ Rc7 36. Rxc7+ Kxc7 37. Bd4 Kc6 38. Ke3 Be6 39. f4 f5 40. Kd3 Bc8 41. Ke3 Be6 42. Nd3 Bd6 43. Ne5+ Kb7 44. Nf3 Ka6 45. Ba1 Bd7 46. exf5 Bxf5 47. Kd4 Be6 48. Ne5 Ka5 49. Nc4+ Bxc4 50. Kxc4 Kxa4 51. Kd5 h4 52. gxh4 1/2-1/2

[Event "Muensterland op 28th"]
[Site "Senden"]
[Date "2010.10.21"]
[Round "7"]
[White "Korth, Daniel"]
[Black "Peterwitz, Klaus"]
[Result "1/2-1/2"]
[WhiteElo "2201"]
[BlackElo "2092"]
[PlyCount "118"]
[EventDate "2010.10.16"]
[EventType "swiss"]
[EventRounds "9"]
[EventCountry "GER"]
[SourceTitle "CBM 138 Extra"]
[Source "ChessBase"]
[SourceDate "2010.10.29"]
[SourceVersion "1"]
[SourceVersionDate "2010.10.29"]
[SourceQuality "1"]

1. d4 Nf6 2. Nf3 g6 3. Bg5 Bg7 4. Nbd2 d5 5. e3 Nbd7 6. Be2 0-0 7. h3 Re8 8. Bf4 c6 9. c3 Qb6 10. Qb3 h6 11. Bh2 Nh7 12. 0-0 Qxb3 13. axb3 e5 14. dxe5 Nxe5 15. Nxe5 Bxe5 16. Bxe5 Rxe5 17. b4 a6 18. Nf3 Re7 19. b5 cxb5 20. Bxb5 Be6 21. Rfd1 Nf6 22. Bf1 Rc8 23. Nd4 Rc5 24. Ra4 Kg7 25. Nb3 Rcc7 26. Nd4 Ne4 27. Rb4 Nf6 28. Be2 Nd7 29. Ra4 Ne5 30. Ra5 Nc6 31. Nxc6 Rxc6 32. Bf3 Rb6 33. Rd2 Rd7 34. Kf1 Kf6 35. Ke2 Ke7 36. Kd1 Rbd6 37. Kc1 Rd8 38. Rd4 R6d7 39. Rb4 Rc8 40. Rb6 Rcc7 41. Ra4 Rd6 42. Rab4 Rxb6 43. Rxb6 Kd7 44. Kd2 Kc8 45. Rb4 b5 46. Kd3 Kd7 47. Rd4 Kc6 48. Kd2 Rd7 49. g4 a5 50. Bg2 g5 51. Ke2 f6 52. f4 Bf7 53. Kf2 Re7 54. c4 bxc4 55. Rxc4+ Kd6 56. Ra4 Rb7 57. Rxa5 Rxb2+ 58. Kg3 Rb3 59. Kf2 Rb2+ 1/2-1/2

[Event "Oberliga NRW 1011"]
[Site "Germany"]
[Date "2010.09.26"]
[Round "1.7"]
[White "Luetke, Jens"]
[Black "Korth, Daniel"]
[Result "1/2-1/2"]
[WhiteElo "2323"]
[BlackElo "2201"]
[PlyCount "159"]
[EventDate "2010.09.26"]
[EventType "team-tourn"]
[EventRounds "9"]
[EventCountry "GER"]
[SourceTitle "EXT 2012"]
[Source "ChessBase"]
[SourceDate "2011.11.24"]
[SourceVersion "1"]
[SourceVersionDate "2011.11.24"]
[SourceQuality "1"]
[WhiteTeam "Godesberg"]
[BlackTeam "Muenster"]
[WhiteTeamCountry "GER"]
[BlackTeamCountry "GER"]

1. e4 e5 2. Nf3 Nc6 3. Bb5 a6 4. Ba4 Nf6 5. 0-0 Be7 6. Re1 b5 7. Bb3 d6 8. c3 0-0 9. d4 Bg4 10. Be3 Na5 11. Bc2 exd4 12. cxd4 c5 13. dxc5 dxc5 14. Nbd2 Re8 15. Qb1 Nd7 16. e5 Nf8 17. Be4 Rc8 18. Bf5 Bxf5 19. Qxf5 Qd7 20. Qh5 Qd3 21. Rac1 Ne6 22. Qg4 Qg6 23. Qxg6 hxg6 24. Red1 f5 25. exf6 gxf6 26. h4 Red8 27. b3 Kf7 28. Ne4 Nb7 29. Kf1 Rxd1+ 30. Rxd1 Rd8 31. Rc1 Ke8 32. Ke2 Rc8 33. g3 Na5 34. Bd2 Nb7 35. Bc3 Kf7 36. Bb2 Nd6 37. Nxd6+ Bxd6 38. Rd1 Rd8 39. a4 bxa4 40. bxa4 Bc7 41. Rxd8 Bxd8 42. Nd2 Ba5 43. Ne4 f5 44. Nd6+ Ke7 45. Nc4 Bc7 46. Kd3 Kd7 47. Be5 Bd8 48. Bc3 Bc7 49. Ne5+ Bxe5 50. Bxe5 Kc6 51. Kc4 Nd8 52. f3 Nb7 53. g4 Na5+ 54. Kc3 fxg4 55. fxg4 Kd5 56. Bc7 Nc6 57. h5 gxh5 58. gxh5 Ne7 59. h6 Kc6 60. h7 Ng6 61. Bd8 Kd5 62. Bf6 Ke6 63. Bg7 Kd5 64. Bf8 Nh8 65. Bh6 Nf7 66. Bg7 Kc6 67. Kc4 Nd6+ 68. Kd3 Nf7 69. Ke4 Ng5+ 70. Kf5 Nxh7 71. Kg6 Kb6 72. Kxh7 Ka5 73. Kg6 Kxa4 74. Kf5 Kb3 75. Ke4 a5 76. Kd3 a4 77. Kd2 a3 78. Bf6 c4 79. Be5 a2 80. Bf6 1/2-1/2

[Event "Oberliga NRW 0910"]
[Site "Germany"]
[Date "2010.04.25"]
[Round "9.5"]
[White "Bus, Tom"]
[Black "Korth, Daniel"]
[Result "0-1"]
[WhiteElo "2172"]
[BlackElo "2239"]
[PlyCount "86"]
[EventDate "2009.09.20"]
[EventType "team-tourn"]
[EventRounds "9"]
[EventCountry "GER"]
[SourceTitle "EXT 2011"]
[Source "ChessBase"]
[SourceDate "2010.11.26"]
[SourceVersion "1"]
[SourceVersionDate "2010.11.26"]
[SourceQuality "1"]
[WhiteTeam "Muelheim Nord II"]
[BlackTeam "Muenster"]
[WhiteTeamCountry "GER"]
[BlackTeamCountry "GER"]

1. c4 c6 2. g3 Nf6 3. Bg2 d5 4. Nf3 Bf5 5. cxd5 cxd5 6. Qb3 Bc8 7. d4 e6 8. 0-0 Nc6 9. Nc3 Bd6 10. Bf4 0-0 11. Rfd1 Na5 12. Qc2 Bxf4 13. gxf4 Bd7 14. Ne5 Rc8 15. Qd3 Nc4 16. Rab1 Nd6 17. e3 Qb6 18. f5 Nxf5 19. Nxd7 Nxd7 20. Nxd5 Qd8 21. Rbc1 Rxc1 22. Rxc1 Nh4 23. Nf4 Qg5 24. Qe4 Nf6 25. Qxb7 Nd5 26. Rc5 Qg4 27. Rxd5 Qd1+ 28. Bf1 Nf3+ 29. Kg2 Nh4+ 30. Kg1 Nf3+ 31. Kg2 exd5 32. Be2 Nh4+ 33. Kh3 Qe1 34. Kxh4 Qxf2+ 35. Kg5 h6+ 36. Kf5 g6+ 37. Kg4 f5+ 38. Kh3 Qxe3+ 39. Kg2 Qxf4 40. Qxd5+ Kg7 41. Bc4 Qe4+ 42. Qxe4 fxe4 43. b4 Rf4 0-1

[Event "Oberliga NRW 0910"]
[Site "Germany"]
[Date "2010.01.10"]
[Round "5.5"]
[White "Wagenknecht, Uwe"]
[Black "Korth, Daniel"]
[Result "1-0"]
[WhiteElo "2190"]
[BlackElo "2239"]
[PlyCount "69"]
[EventDate "2009.09.20"]
[EventType "team-tourn"]
[EventRounds "9"]
[EventCountry "GER"]
[SourceTitle "EXT 2011"]
[Source "ChessBase"]
[SourceDate "2010.11.26"]
[SourceVersion "1"]
[SourceVersionDate "2010.11.26"]
[SourceQuality "1"]
[WhiteTeam "Bielefeld"]
[BlackTeam "Muenster"]
[WhiteTeamCountry "GER"]
[BlackTeamCountry "GER"]

1. c4 c6 2. e4 d5 3. cxd5 cxd5 4. exd5 Nf6 5. Qa4+ Nbd7 6. Nc3 g6 7. Nf3 Bg7 8. Bc4 0-0 9. d3 a6 10. Be3 b6 11. 0-0 Bb7 12. Bb3 Rc8 13. Qh4 Nc5 14. Bh6 Nxb3 15. axb3 Nxd5 16. Ng5 Nf6 17. Nce4 Qd4 18. Ra4 Qd5 19. f3 Nh5 20. Bxg7 Kxg7 21. g4 h6 22. gxh5 hxg5 23. h6+ Kh8 24. Qxg5 Qxg5+ 25. Nxg5 Rc5 26. h4 Re5 27. Rc1 f6 28. Ne4 b5 29. Rd4 Rd5 30. Rxd5 Bxd5 31. Rc7 Bxe4 32. dxe4 Kh7 33. Rxe7+ Kxh6 34. Ra7 Kh5 35. Rh7# 1-0

[Event "Muensterland op 27th"]
[Site "Senden"]
[Date "2009.10.15"]
[Round "7"]
[White "Korth, Daniel"]
[Black "Guennigmann, Manuel"]
[Result "0-1"]
[WhiteElo "2239"]
[BlackElo "2165"]
[PlyCount "88"]
[EventDate "2009.10.10"]
[EventType "swiss"]
[EventRounds "9"]
[EventCountry "GER"]
[SourceTitle "CBM 132 Extra"]
[Source "ChessBase"]
[SourceDate "2009.11.03"]
[SourceVersion "1"]
[SourceVersionDate "2009.11.03"]
[SourceQuality "1"]

1. d4 Nf6 2. c4 g6 3. Nc3 d5 4. Bf4 Bg7 5. Nf3 0-0 6. Rc1 dxc4 7. e3 Be6 8. Be2 h6 9. 0-0 c6 10. Bxb8 Qxb8 11. Ne5 c5 12. Bxc4 Bxc4 13. Nxc4 cxd4 14. Qxd4 Rd8 15. Qe5 Qxe5 16. Nxe5 Nd5 17. Nxd5 Rxd5 18. f4 Bxe5 19. fxe5 Rxe5 20. Rfd1 Rxe3 21. Kf2 Re5 22. Rc7 b6 23. Rdd7 Kf8 24. Rxa7 Rxa7 25. Rxa7 Rb5 26. b3 Ra5 27. Rb7 Rxa2+ 28. Kf3 Ke8 29. Rxb6 Kd7 30. Rb7+ Kd6 31. h3 Rc2 32. Rb8 e5 33. Rd8+ Ke7 34. Rb8 Kd6 35. Rd8+ Ke7 36. Rb8 f5 37. g4 Rc3+ 38. Kg2 f4 39. Rb6 e4 40. Rxg6 Rc2+ 41. Kf1 e3 42. Rg7+ Kf6 43. Rg8 Kf7 44. Ra8 f3 0-1

[Event "BL2-West 0809"]
[Site "Germany"]
[Date "2009.03.29"]
[Round "9.8"]
[White "Angermuende, Dirk"]
[Black "Korth, Daniel"]
[Result "0-1"]
[WhiteElo "2030"]
[BlackElo "2210"]
[PlyCount "108"]
[EventDate "2008.10.05"]
[EventType "team-tourn"]
[EventRounds "9"]
[EventCountry "GER"]
[SourceTitle "CBM 129 Extra"]
[Source "ChessBase"]
[SourceDate "2009.05.05"]
[SourceVersion "2"]
[SourceVersionDate "2009.05.20"]
[SourceQuality "1"]
[WhiteTeam "Gerresheim"]
[BlackTeam "Muenster"]
[WhiteTeamCountry "GER"]
[BlackTeamCountry "GER"]

1. e4 e5 2. Nf3 Nc6 3. c3 Nf6 4. d4 exd4 5. e5 Nd5 6. Be2 Be7 7. 0-0 0-0 8. cxd4 d6 9. exd6 Qxd6 10. Qd2 Bf5 11. a3 a6 12. Nc3 Rad8 13. Rd1 h6 14. Nxd5 Qxd5 15. Qc3 Qd6 16. Be3 Bf6 17. Rac1 Be4 18. Nd2 Bd5 19. b4 Rd7 20. Bg4 Re7 21. Bf3 Bxf3 22. Nxf3 Rd7 23. h3 Ne7 24. Qc5 c6 25. Ne5 Qxc5 26. Rxc5 Bxe5 27. Rxe5 Nd5 28. Bc1 f6 29. Re6 Kf7 30. Rde1 Rfd8 31. Bb2 Re7 32. Rxe7+ Nxe7 33. g4 Nd5 34. Bc1 Rd6 35. Kg2 Re6 36. Rxe6 Kxe6 37. Kf3 Nc3 38. Bb2 Na4 39. Bc1 Kd5 40. Kf4 g6 41. h4 Nc3 42. Kf3 h5 43. gxh5 gxh5 44. Bb2 Ne4 45. Ke3 Nd6 46. Kf4 Ke6 47. Bc1 Nf5 48. a4 b5 49. axb5 axb5 50. Ke4 Nxh4 51. d5+ cxd5+ 52. Kd4 Nf3+ 53. Kc5 h4 54. Kxb5 h3 0-1

[Event "Muensterland Verbandsliga 0809"]
[Site "Germany"]
[Date "2009.01.10"]
[Round "5.4"]
[White "Korth, Daniel"]
[Black "Althoff, Franz"]
[Result "1/2-1/2"]
[WhiteElo "2205"]
[BlackElo "2149"]
[PlyCount "56"]
[EventDate "2008.09.20"]
[EventType "team-tourn"]
[EventRounds "9"]
[EventCountry "GER"]
[SourceTitle "EXT 2010"]
[Source "ChessBase"]
[SourceDate "2010.11.25"]
[SourceVersion "1"]
[SourceVersionDate "2010.11.25"]
[SourceQuality "1"]
[WhiteTeam "Muenster SK II"]
[BlackTeam "Westbevern"]
[WhiteTeamCountry "GER"]
[BlackTeamCountry "GER"]

1. d4 Nf6 2. c4 e6 3. g3 d5 4. Bg2 Be7 5. Nf3 0-0 6. 0-0 Ne4 7. Qc2 Nc6 8. b3 Nb4 9. Qd1 c5 10. a3 Nc6 11. dxc5 Bxc5 12. b4 Be7 13. Qc2 Bf6 14. Ra2 Nd6 15. Nbd2 dxc4 16. Nxc4 Nxc4 17. Qxc4 e5 18. Rd2 Qe7 19. e4 Bg4 20. Bb2 Rac8 21. Qb3 a5 22. b5 Bxf3 23. bxc6 Bxg2 24. cxb7 Rb8 25. Kxg2 Qxb7 26. Qxb7 Rxb7 27. Bc3 Be7 28. Bxa5 Bxa3 1/2-1/2